| 000 | 00000nam##2200000za#4500 |
| 001 | 9.696739 |
| 003 | CaOODSP |
| 005 | 20210624235153 |
| 007 | cr ||||||||||| |
| 008 | 150407|2009||||xxc|||||o f|0| 0 eng|d |
| 020 | |a978-1-897463-56-7 |
| 040 | |aCaOODSP|beng |
| 043 | |an-cn--- |
| 086 | 1 |aH174-32/2009E-PDF |
| 110 | 1 |aCanada.|bHealth Council of Canada. |
| 245 | 10|aTeams in action : |h[electronic resource]|bprimary health care teams for Canadians |
| 260 | |aToronto - Ontario : |bHealth Council of Canada |cApril 2009. |
| 300 | |a57p.|bfigs., graphs, references, photographs |
| 590 | |a12-39-Supp|b2012-10-11 |
| 690 | 07|aHealth care system|2gcpds |
| 775 | 08|tÉquipes à l'Ĺ“uvre : |w(CaOODSP)9.640847 |
| 856 | 40|ahttp://publications.gc.ca|qPDF|s8.51 MB|uhttps://publications.gc.ca/collections/collection_2012/ccs-hcc/H174-32-2009-eng.pdf |